| Tag |
First Indicator |
Second Indicator |
Subfields |
| LEADER |
00000cam a2200000Ia 4500 |
| 001 |
in00002124792 |
| 005 |
20151103065315.0 |
| 008 |
050812s2005 enk g 000 0 eng |
| 020 |
|
|
|a 1845230000 (pbk.) :
|c £10.99
|
| 035 |
|
|
|a (OCoLC)ocm61257429
|
| 040 |
|
|
|a N94
|c N94
|d BAKER
|d OUN
|d TXA
|d UtOrBLW
|
| 049 |
|
|
|a TXAM
|
| 090 |
|
|
|a PR9272.9.B34
|b T46 2005
|
| 092 |
0 |
|
|a WI F Bal
|2 22
|
| 100 |
1 |
|
|a Baldeosingh, Kevin,
|d 1963-
|
| 245 |
1 |
4 |
|a The ten incarnations of Adam Avatar /
|c [by] Kevin Baldeosingh.
|
| 264 |
|
1 |
|a Leeds :
|b Peepal Tree Press,
|c [2005]
|
| 264 |
|
4 |
|c ©2005
|
| 300 |
|
|
|a 454 pages ;
|c 21cm.
|
| 336 |
|
|
|a text
|b txt
|2 rdacontent
|
| 337 |
|
|
|a unmediated
|b n
|2 rdamedia
|
| 338 |
|
|
|a volume
|b nc
|2 rdacarrier
|
| 520 |
|
|
|a This postmodern historical novel addresses power, sex, and the role of the imagination in constructing social realities. Adam Avatar has been, among other incarnations, a Spanish priest, a slave trader, a white indentured servant, and a female pirate. In each incarnation, however, he is killed at age 50 by his nemesis the Shadowman, a fate he hopes to elude in his life as a Caribbean everyman, with the aid of a psychiatrist. The historical periods of his life are vividly portrayed with Joycean grasp of historical voice, examining the wrongs of each period and discovering the malleability of individuals in different social environments.
|
| 650 |
|
0 |
|a Fantasy fiction
|z Caribbean Area.
|
| 994 |
|
|
|a C0
|b TXA
|
| 948 |
|
|
|a cataloged
|b h
|c 2006/5/8
|d c
|e aklinger
|f 11:35:35 am
|
| 999 |
|
|
|a MARS
|
| 999 |
f |
f |
|s ccff8153-c321-37c3-a5ff-88de40175b4e
|i 8eb04983-4675-378d-badf-7783ce178bb8
|t 0
|
| 952 |
f |
f |
|p normal
|a Texas A&M University
|b College Station
|c Sterling C. Evans Library
|d Evans: Library Stacks
|t 0
|e PR9272.9.B34 T46 2005
|h Library of Congress classification
|i unmediated -- volume
|m A14834111872
|
| 998 |
f |
f |
|a PR9272.9.B34 T46 2005
|t 0
|l Evans: Library Stacks
|